Tajemství výchovy šťastných dětí / Steve Biddulph ; [z anglického originálu ... přeložila Eliška Neckařová]
Record details
- ISBN: 80-7178-334-X
- Physical Description: 133 s. : il. ; 23 cm
- Edition: Vyd. 1.
- Publisher: Praha : Portál, 1999
Search for related items by subject
| Subject: | psychologie dítěte rodiče a děti výchova dítěte Children > Conduct of life Child rearing Parent and child Child psychology |
| Genre: | populárně-naučné publikace |
Search for related items by series
Available copies
- 1 of 1 copy available at Common Catalog SPOK.
Holds
- 0 current holds with 1 total copy.
Other Formats and Editions
Show Only Available Copies
| Location | Call Number / Copy Notes | Barcode | Shelving Location | Status | Due Date |
|---|---|---|---|---|---|
| Jabok Library | Ped-7.2.1/B | 424480001776 | Odborná literatura | Available | - |
| LDR | 01535nam a2200445 a 4500 | ||
|---|---|---|---|
| 001 | 13045 | ||
| 003 | CZ-PrJAB | ||
| 005 | 20190903082917.0 | ||
| 007 | tu | ||
| 008 | 990630s1999 xr a e 000 0 cze | ||
| 015 | . | ‡acnb000693373 | |
| 020 | . | ‡a80-7178-334-X ‡q(brož.) : ‡cKč 157,00 | |
| 035 | . | ‡a(CZ PrNK)cpk19990693373 | |
| 035 | . | ‡a(OCoLC)43807794 | |
| 040 | . | ‡aABA001 ‡bcze | |
| 041 | 1 | . | ‡acze ‡heng |
| 072 | 7. | ‡a37 ‡xVýchova a vzdělávání ‡2Konspekt ‡922 | |
| 080 | . | ‡a173.5/.7 ‡2MRF | |
| 080 | . | ‡a37.03-053.2 ‡2MRF | |
| 080 | . | ‡a159.922.7 ‡2MRF | |
| 080 | . | ‡a(0.062) ‡2MRF | |
| 100 | 1 | . | ‡aBiddulph, Steve, ‡d1953- ‡7pna2006337994 ‡4aut |
| 245 | 1 | 0. | ‡aTajemství výchovy šťastných dětí / ‡cSteve Biddulph ; [z anglického originálu ... přeložila Eliška Neckařová] |
| 250 | . | ‡aVyd. 1. | |
| 260 | . | ‡aPraha : ‡bPortál, ‡c1999 | |
| 300 | . | ‡a133 s. : ‡bil. ; ‡c23 cm | |
| 490 | 1 | . | ‡aRádci pro rodiče a vychovatele |
| 650 | 0 | 7. | ‡apsychologie dítěte ‡7ph117256 ‡2czenas |
| 650 | 0 | 7. | ‡arodiče a děti ‡7ph116053 ‡2czenas |
| 650 | 0 | 7. | ‡avýchova dítěte ‡7ph127420 ‡2czenas |
| 650 | 0 | 9. | ‡aChildren ‡xConduct of life ‡2eczenas |
| 650 | 0 | 9. | ‡aChild rearing ‡2eczenas |
| 650 | 0 | 9. | ‡aParent and child ‡2eczenas |
| 650 | 0 | 9. | ‡aChild psychology ‡2eczenas |
| 655 | 7. | ‡apopulárně-naučné publikace ‡7fd131864 ‡2czenas | |
| 700 | 1 | . | ‡aNeckařová, Eliška, ‡d1973- ‡7jn20001005039 ‡4trl |
| 765 | 0 | . | ‡tMore secrets of happy children ‡9Česky |
| 830 | 0. | ‡aRádci pro rodiče a vychovatele | |
| 910 | . | ‡aABG312 | |
| 995 | . | ‡aska | |
| 901 | . | ‡a13045 ‡bCZ PrNK ‡c13045 ‡tbiblio | |